Building a name (Record no. 115332)

MARC details
000 -LEADER
fixed length control field 00772cam a22002175a 4500
001 - CONTROL NUMBER
control field L158476
008 - FIXED-LENGTH DATA ELEMENTS--GENERAL INFORMATION
fixed length control field 110228s2014 xxk f 000 0 eng d
020 ## - INTERNATIONAL STANDARD BOOK NUMBER
International Standard Book Number 9781845493806
035 ## - SYSTEM CONTROL NUMBER
System control number (Sirsi) u158476
041 0# - LANGUAGE CODE
Language code of text/sound track or separate title eng
110 1# - MAIN ENTRY--CORPORATE NAME
Corporate name or jurisdiction name as entry element Royal Institution of Chartered Surveyors
9 (RLIN) 4900
245 00 - TITLE STATEMENT
Title Building a name
Remainder of title the history of the Royal Institution of Chartered Surveyors
260 ## - PUBLICATION, DISTRIBUTION, ETC.
Place of publication, distribution, etc. [London]
Name of publisher, distributor, etc. RICS
Date of publication, distribution, etc. 2014
300 ## - PHYSICAL DESCRIPTION
Extent 203p.
Other physical details col. ill.
Dimensions 21cm.
520 ## - SUMMARY, ETC.
Summary, etc. Describes the history of surveying and the establishment of the RICS in 1868. Looks at the challenges and opportunities for the profession in the future.
590 ## - LOCAL NOTE (RLIN)
Local note KA
610 24 - SUBJECT ADDED ENTRY--CORPORATE NAME
Corporate name or jurisdiction name as entry element Royal Institution of Chartered Surveyors
9 (RLIN) 4900
651 #4 - SUBJECT ADDED ENTRY--GEOGRAPHIC NAME
Geographic name International
690 ## - LOCAL SUBJECT ADDED ENTRY--TOPICAL TERM (OCLC, RLIN)
Topical term or geographic name as entry element ABOUT RICS
942 ## - ADDED ENTRY ELEMENTS (KOHA)
Suppress in OPAC 0
Holdings
Withdrawn status Lost status Source of classification or shelving scheme Damaged status Not for loan Home library Current library Shelving location Date acquired Total Checkouts Full call number Barcode Date last seen Date last checked out Copy number Price effective from Koha item type
    Dewey Decimal Classification     Archives Archives RICS Boxes 13/03/2015   RICS 2014/23 30078814 06/08/2019   1 06/08/2019 Archive
    Dewey Decimal Classification     London London Surveying Profession history 13/03/2015 1 920 RIC 30078813 25/04/2023 21/07/2017 1 06/08/2019 Book
    Dewey Decimal Classification     London London Books 13/03/2015   920 RIC 30078815 06/08/2019   2 06/08/2019 Reference material